اللجهات العربية القديمة في غرب الجزيرة العربية / (رقم التسجيلة. 25677)

تفاصيل مارك
000 -الفاتح
عناصر البيانات ثابتة الطول 00913cam a2200229 i 4500
005 - تاريخ ووقت آخر معاملة
حقل ضبط 20260423103708.0
008 - عناصر البيانات ثابتة الطول
عناصر البيانات ثابتة الطول 250721s2002 le gr 000 0 ara d
041 1# - كود اللغة
كود اللغة لنص/مسار صوت أو عنوان منفصل ara
كود اللغة للأصل eng
082 14 - رقم تصنيف ديوي العشري
رقم التصنيف 417
رقم المادة ر ا ب
100 1# - مدخل رئيسي – اسم شخصي
الاسم الشخصي رابين، تشيم
علاقة الشخص بالعمل/ دوره مؤلف.
245 12 - بيان العنوان
العنوان اللجهات العربية القديمة في غرب الجزيرة العربية /
بيان المسؤولية تأليف تشيم رابين ؛ ترجمه وقدم له وعلق عليه الدكتور عبد الكريم مجاهد.
250 ## - بيان الطبعة
بيان الطبعة الطبعة الأولى.
264 31 - بيانات النشر، التوزيع…إلخ
مكان النشر، التوزيع...إلخ عمان :
اسم الناشر، الموزع...إلخ دار الفارس،
تاريخ النشر، التوزيع...إلخ 2002.
300 ## - الوصف المادي
عدد الوحدات المكونة للوعاء 428 صفحة.
650 17 - مدخل إضافي بالموضوع - مصطلح موضوعي
مصطلح موضوعي أو اسم جغرافي كعنصر مدخل اللهجات.
650 17 - مدخل إضافي بالموضوع - مصطلح موضوعي
مصطلح موضوعي أو اسم جغرافي كعنصر مدخل اللغة العربية.
650 17 - مدخل إضافي بالموضوع - مصطلح موضوعي
مصطلح موضوعي أو اسم جغرافي كعنصر مدخل اللهجات القديمة.
650 17 - مدخل إضافي بالموضوع - مصطلح موضوعي
مصطلح موضوعي أو اسم جغرافي كعنصر مدخل شبة الجزيرة العربية.
700 1# - مدخل إضافي - اسم شخصي
الاسم الشخصي مجاهد، عبد الكريم
علاقة الشخص بالعمل/ دوره مترجم.
942 ## - بيانات إضافية (كوها)
نوع التنصيف Dewey Decimal Classification
نوع المادة (كوها) كتب
المقتنيات
حالة السحب حالة الفقدان مصدر التصنيف حالة التلف غير قابل للإعارة المكتبة الرئيسية المكتبة الحالية موقع الرف تاريخ التزويد الرقم المتسلسل Total Checkouts رقم الإستدعاء الباركود تاريخ آخر ظهور تاريخ الفاتورة نوع المادة (كوها) العملة
    Dewey Decimal Classification     المكتبة المركزية المكتبة المركزية مقتنيات قسم التزويد 06/07/2004 554268   417/راب 554268 28/07/2025 06/07/2004 كتب  
    Dewey Decimal Classification     المكتبة المركزية المكتبة المركزية   23/04/2026 43755   417 / ر ا ب PLD00269282 23/04/2026 23/04/2026 كتب JOD
Implemented & Customized by: BBB with SCIT (Smart Chains for Information Technology)

Powered by Koha